000
00213nam a22000977a 4500
082
_a
398.2
_b
ARS
100
_a
Arshad,Tahira
245
_a
Snow white and the seven dwarfs
563
_a
PB
942
_2
ddc
_c
BK
999
_c
614903
_d
614903